Normal view
MARC view
Entry Meeting Name
001 - CONTROL NUMBER
- control field: 4670
003 - CONTROL NUMBER IDENTIFIER
- control field: OSt
005 - DATE AND TIME OF LATEST TRANSACTION
- control field: 20211105132556.0
008 - FIXED-LENGTH DATA ELEMENTS
- fixed length control field: 211105|| aca||aabn | a|a d
040 ## - CATALOGING SOURCE
- Original cataloging agency: OSt
- Transcribing agency: OSt
111 ## - HEADING--MEETING NAME
- Meeting name or jurisdiction name as entry element: International School of Physics 'Enrico Fermi" Course
- Location of meeting: Varenna Sul Lago di Como, Villa Monastero
- Date of meeting or treaty signing: 1963 Aug. 5th - 17th
670 ## - SOURCE DATA FOUND
- Source citation: Work cat.: (OSt): Spiers, F.W. 4669, Radiation dosimetry, 1964